000 00472nam a2200205Ia 4500
008 170918s9999 xx 000 0 und d
020 _a516245058
050 _bF663 2001
100 _aFoley, Cate
245 _aLet's go to the zoo /
245 _cCate Foley.
260 _aNew York :
260 _bScholastic,
260 _c2001
300 _a24 pages :
300 _bcolored illustration ;
300 _c15cm.
440 _aWelcome books.
500 _a100
999 _c341014
_d341014